000 00575nam a2200217Ia 4500
003 OSt
005 20220926042100.0
006 a|||||r|||| 00| 0
007 ta
008 220923b |||||||| |||| 00| 0 eng d
037 _cGeneral Book
040 _aRTL
_cRTL
_beng
041 _2eng
_aeng
082 _aY7654T-73:3(Z), J7
100 _aBohannan Paul
_9136184
245 0 _aJustice and judgement among the Tiv
260 _c1957
650 _aAfrican Society
942 _hY7654T-73:3(Z), J7
_cGB
_2CC
999 _c668822
_d668822